Statistics for Sight to city: Europe #1 [pic]

Click here to take the quiz!

General Stats

  • This quiz has been taken 21 times
  • The average score is 7 of 16

Answer Stats

Answer% Correct
Dublin
95%
Vatican
84%
Budapest
79%
Monaco
79%
Reykjavík
74%
Brussels
58%
Prague
47%
Bordeaux
42%
Minsk
37%
València
32%
Naples
26%
Kraków
21%
Tallinn
21%
Luxembourg
11%
Escaldes
5%
Skopje
5%

Score Distribution

Percentile by Number Answered

Percent of People with Each Score

Your Score History

You have not taken this quiz